La antigua Itzocan : testimonios mesoamericanos = Ancient Itzocan : Mesoamerican Testimonies = L'ancienne Itzocan : temoignages mésoaméricains /
La Enciclopedia electrónica mesoamericana se organiza en cuatro volúmenes, divididos cada uno en seis tomos (la Biblioteca del ITESO cuenta sólo con los dos primeros); cada título comprende la explicación de aproximadamente cuarenta piezas relevantes, a manera de una exposición temática montada a pa...
Gorde:
| Egile nagusia: | |
|---|---|
| Beste egile batzuk: | , |
| Formatua: | Baliabide elektronikoa |
| Hizkuntza: | gaztelania |
| Argitaratua: |
México :
Fundación Cultural Armella Spitalier,
2005, c2005
|
| Saila: | (Enciclopedia Electrónica Mesoamericana = Digital Mesoamerican Enciclopedia = Encyclopédie Electronique Mésoamericaine = Elektronischen Mesoamerikanischen Enzyklopäedie)
|
| Gaiak: | |
| Etiketak: |
Etiketarik gabe, Izan zaitez lehena erregistro honi etiketa jartzen!
|
MARC
| LEADER | 00000nmm^a2200000^a^4500 | ||
|---|---|---|---|
| 001 | 000192611 | ||
| 005 | 20250521000000.0 | ||
| 009 | 20260310102611.701 | ||
| 020 | |a 970-94040-2-4 | ||
| 037 | |a Acervo ITESO - Biblioteca | ||
| 041 | |a ESP | ||
| 082 | |a 709. 7201 |b ENC V. 3 | ||
| 100 | |a Manrique Mendoza, Janeth |e (coord.) | ||
| 240 | 1 | 1 | |a [Enciclopedia electrónica mesoamericana] |
| 245 | 1 | 3 | |a La antigua Itzocan : |b testimonios mesoamericanos = Ancient Itzocan : Mesoamerican Testimonies = L'ancienne Itzocan : temoignages mésoaméricains / |c Coord. de J. Manrique Mendoza ; investigación, texto y presen. de H. Herrera Torres ; fotografía de R. Cruz Orea. |
| 264 | 4 | |a México : |b Fundación Cultural Armella Spitalier, |c 2005, c2005 | |
| 300 | |a 1 disco compacto de computadora + |e 1 folleto (8 p.) | ||
| 336 | |a datos para computadora |b cod |2 rdacontenido | ||
| 337 | |a computadora |b c |2 rdamedio | ||
| 338 | |a disco de computadora |b cd |2 rdasoporte | ||
| 440 | 1 | |a (Enciclopedia Electrónica Mesoamericana = Digital Mesoamerican Enciclopedia = Encyclopédie Electronique Mésoamericaine = Elektronischen Mesoamerikanischen Enzyklopäedie) | |
| 520 | |a La Enciclopedia electrónica mesoamericana se organiza en cuatro volúmenes, divididos cada uno en seis tomos (la Biblioteca del ITESO cuenta sólo con los dos primeros); cada título comprende la explicación de aproximadamente cuarenta piezas relevantes, a manera de una exposición temática montada a partir de la colección de objetos arqueológicos prehispánicos del área de Mesoamérica resguardada por la Fundación Cultural Armella Spitalier. El primer volumen incluye los discos: 1. Documentos en barro; 2. Fragmentos del formativo; 3. La antigua Itzocan: testimonios mesoamericanos; 4. La antigua Itzocan: la caída; 5. Mezcala y granular; 6. Diseño en el arte precolombino; el segundo: 7. Chupícuaro, estilo y tradición; 8. Grandes miniaturas; 9. Aztecas; 10. Iconos olmecas; 11. Diosas y mortales; 12. Barro y canto. | ||
| 520 | |a En este volumen se traza la historia de los habitantes de Izúcar de Matamoros, en el extremo suroeste del estado de Puebla, a través de sus vestigios arqueológicos. Se utilizan piezas de cerámica para recuperar la narración que de su época hicieron los artesanos de la antigua Itzocan, quienes en ellas plasmaron claros elementos de su identidad y del acontecer cotidiano de su comunidad. En las obras seleccionadas se encuentran muestras de estilo tolteca, de la etapa de dominio teotihuacano y de los grupos olmeca-xicallanca. | ||
| 546 | |a Edición trilingüe español-francés-inglés | ||
| 649 | |a XX | ||
| 650 | |a Indígenas de México - |z Izúcar, Puebla - |x Historia - |y Epoca Prehispánica | ||
| 650 | |a Indígenas de México - |z Puebla - |x Historia - |y Epoca Prehispánica | ||
| 650 | |a Indígenas de México - |x Historia - |y Epoca Prehispánica | ||
| 650 | |a Cerámica Olmeca - |x Historia y Crítica | ||
| 650 | |a Cerámica Teotihuacana - |x Historia y Crítica | ||
| 650 | |a Cerámica Nahua - |x Historia y Crítica | ||
| 650 | |a Cerámica Prehispánica - |x Historia y Crítica | ||
| 650 | |a Cerámica Mexicana - |x Historia y Crítica | ||
| 650 | |a Arte Olmeca - |x Historia y Crítica | ||
| 650 | |a Arte Teotihuacano - |x Historia y Crítica | ||
| 650 | |a Arte Nahua - |x Historia y Crítica | ||
| 650 | |a Arte Prehispánico - |x Historia y Crítica - |x Tema Principal | ||
| 650 | |a Arte Mexicano - |x Historia y Crítica | ||
| 650 | |a Izúcar, Puebla - |x Historia - |y Epoca Prehispánica - |x Tema Principal | ||
| 650 | |a Puebla - |x Historia - |y Epoca Prehispánica | ||
| 650 | |a México - |x Historia - |y Epoca Prehispánica | ||
| 700 | |a Herrera Torres, Hugo |e (investigación, texto, presentación) | ||
| 700 | |a Cruz Orea, Ricardo |e (fotógrafo) | ||
| 910 | |a Fondo General | ||
| 920 | |a Electrónicos - Recursos en Disco | ||
| 905 | |a 207 | ||
| 901 | |a 0500136882 |b IT2 |c SWS |u 20250521 | ||
| 901 | |a 0500136879 |b IT2 |c SAS |u 20250521 | ||
| 902 | |a https://opac.biblio.iteso.mx/vufind/Record/000192611 | ||